Берег чекань (Запис № 331525)

МАРК-запис
000 -LEADER
fixed length control field 00782nam a22002537a 4500
001 - CONTROL NUMBER
control field 45425
003 - CONTROL NUMBER IDENTIFIER
control field UA-OsUOA
005 - DATE AND TIME OF LATEST TRANSACTION
control field 20210115100729.0
007 - PHYSICAL DESCRIPTION FIXED FIELD--GENERAL INFORMATION
fixed length control field ta
008 - FIXED-LENGTH DATA ELEMENTS--GENERAL INFORMATION
fixed length control field 20070418b un ||||| |||| 00| 0 ukr d
020 ## - INTERNATIONAL STANDARD BOOK NUMBER
International Standard Book Number 966-00-0737-Х
040 ## - CATALOGING SOURCE
Original cataloging agency UA-OsUOA
Language of cataloging ukr
Transcribing agency UA-OsUOA
Modifying agency UA-OsUOA
041 ## - LANGUAGE CODE
Language code of text/sound track or separate title ukr
080 ## - UNIVERSAL DECIMAL CLASSIFICATION NUMBER
Universal Decimal Classification number 821.161.2-1(477)
090 ## - LOCALLY ASSIGNED LC-TYPE CALL NUMBER (OCLC); LOCAL CALL NUMBER (OCLC)
Classification number (OCLC) (R) ; Classification number, CALL (RLIN) (NR) 821.161.2-1(477)
Local cutter number (OCLC) ; Book number/undivided call number, CALL (RLIN) С37
100 ## - MAIN ENTRY--PERSONAL NAME
Personal name Симоненко В.
245 ## - TITLE STATEMENT
Title Берег чекань
Statement of responsibility, etc вибір. коментарі І. Кошелівця
260 ## - PUBLICATION, DISTRIBUTION, ETC. (IMPRINT)
Place of publication, distribution, etc К.
Name of publisher, distributor, etc Наукова думка
Date of publication, distribution, etc 2001
300 ## - PHYSICAL DESCRIPTION
Extent 248 с.
650 #7 - SUBJECT ADDED ENTRY--TOPICAL TERM
Topical term or geographic name as entry element 82 Література. Літературознавство
Source of heading or term UDC
942 ## - ADDED ENTRY ELEMENTS (KOHA)
Koha item type Книги
Source of classification or shelving scheme Universal Decimal Classification
955 ## - COPY-LEVEL INFORMATION (RLIN)
Classification number, CCAL (RLIN) Літературно-художні видання
Фонди
Withdrawn status Lost status Source of classification or shelving scheme Damaged status Not for loan Collection code Home library Current library Date acquired Source of acquisition Cost, normal purchase price Inventory number Total Checkouts Full call number Barcode Date last seen Price effective from Koha item type
    Universal Decimal Classification       АБ - Абонемент НБ АБ - Абонемент НБ 08/12/2010 112/2010 20.00 130125   821.161.2 С37 130125 06/04/2022 08/12/2010 Книги
    Universal Decimal Classification     Колекція Жулинського М.Г. АБ - Абонемент НБ АБ - Абонемент НБ 01/11/2017 48/2017 20.00 156546   821.161.2 С37 156546 06/02/2022 08/12/2010 Книги
    Universal Decimal Classification       АБ - Абонемент НБ АБ - Абонемент НБ 26/11/2012     60192   821.161.2 С37 60192 13/04/2022 08/12/2010 Книги
    Universal Decimal Classification     Колекція Томенка М.В. ЧЗ - Читальна зала ЧЗ - Читальна зала 18/04/2007 80/2007 3.00 104349   821.161.2-1(477) С37 104349 29/09/2021 18/04/2007 Книги
Withdrawn   Universal Decimal Classification     Колекція Жулинського М.Г. ЧЗ - Читальна зала ЧЗ - Читальна зала 19/05/2011 65/2011 10.00 132454   821.161.2-1 С37 132454 13/07/2019 19/05/2011 Книги